| 000 | 00572pab a2200193 454500 | ||
|---|---|---|---|
| 008 | 180718b2014 xxu||||| |||| 00| 0 eng d | ||
| 100 | _aSimon-Cosano, Pablo | ||
| 245 | _aOn the political determinants of intergovernmental grants in decentralized countries: The case of Spain | ||
| 260 | _c2014 | ||
| 300 | _ap.135-156. | ||
| 362 | _aWinter | ||
| 650 | _aDecentralization - Spain | ||
| 650 | _aDecentralization | ||
| 700 | _aVaquero, Alberto | ||
| 700 | _aLago-Penas, Santiago | ||
| 773 | _aPublius: The Journal of Federalism | ||
| 908 | _aN | ||
| 909 | _a104840 | ||
| 999 |
_c104835 _d104835 |
||